[Event "9. Longericher Sommer-Open"]
[Site "9. Longericher Sommer-Open"]
[Date "2012.08.06"]
[Round "4.2"]
[White "Margenberg, Volker"]
[Black "Reinartz, Ulrich"]
[Result "0-1"]
[WhiteElo "1724"]
[BlackElo "1667"]
[PlyCount "60"]
[EventDate "2012.??.??"]
[WhiteTeam "SV Wiehl 1923 e.V."]

1. d4 Nf6 2. c4 e6 3. Nc3 Bb4 4. a3 Bxc3+ 5. bxc3 Ne4 6. Qc2 f5 7. Nf3 O-O 8.
Bf4 b6 9. h4 Bb7 10. e3 d5 11. Ne5 Nd7 12. f3 Nef6 13. Bd3 Rc8 14. cxd5 Nxd5
15. Bg5 N7f6 16. e4 fxe4 17. Bxe4 Qd6 18. c4 Nxe4 19. Qxe4 Nc3 20. Qd3 (20.
Qxb7 Qxd4 21. Nc6 Qxc4 22. Kf2 Ne4+ 23. Kg1 Qc5+ 24. Kh2 Qd6+) 20... Na4 21.
O-O-O c5 22. Qe3 b5 23. dxc5 Qxc5 24. Rd7 Qxe3+ 25. Bxe3 Bd5 26. Rxa7 Bxc4 27.
Nxc4 Rxc4+ 28. Kd2 Rd8+ 29. Ke2 Rc2+ 30. Ke1 Nc3 0-1

[Event "9. Longericher Sommer-Open"]
[Site "9. Longericher Sommer-Open"]
[Date "2012.08.06"]
[Round "4.3"]
[White "Stupp, Gereon"]
[Black "Trinkl, Andreas"]
[Result "1/2-1/2"]
[WhiteElo "1431"]
[BlackElo "1677"]
[PlyCount "64"]
[EventDate "2012.??.??"]
[WhiteTeam "SG Neuss/Norf e."]
[BlackTeam "SV 1947 Walldorf"]

1. e4 c6 2. d4 d5 3. exd5 cxd5 4. c4 Nf6 5. Nc3 e6 6. Nf3 Nc6 7. cxd5 exd5 8.
Qb3 Be7 9. Be2 O-O 10. O-O h6 11. Bf4 Na5 12. Qc2 a6 13. a3 Be6 14. Rac1 Rc8
15. Rfd1 Ne4 16. Bd2 Bf6 17. Bd3 Nxd2 18. Rxd2 Kh8 19. Be2 Nc4 20. Rdd1 Nd6 21.
Qb1 b5 22. Bd3 Nc4 23. Qc2 Qb6 24. Bf5 Qd6 25. Bxe6 Qxe6 26. Re1 Qd6 27. Re2
Rfe8 28. Rce1 Rxe2 29. Rxe2 g6 30. Qd3 Kg7 31. h4 h5 32. g3 Rd8 1/2-1/2

[Event "9. Longericher Sommer-Open"]
[Site "9. Longericher Sommer-Open"]
[Date "2012.08.06"]
[Round "4.4"]
[White "Knobeloch, Olaf"]
[Black "Kossack, Philipp"]
[Result "0-1"]
[WhiteElo "1520"]
[BlackElo "1637"]
[PlyCount "92"]
[EventDate "2012.??.??"]
[WhiteTeam "Pulheimer Sport-Club 1924/57 e.V"]
[BlackTeam "SV Erftstadt e.V."]

1. d4 d5 2. Nf3 Nf6 3. e3 c6 4. Bd3 e6 5. O-O Be7 6. b3 O-O 7. Nbd2 Nbd7 8. Ne5
Qc7 9. f4 b6 10. Bb2 Bb7 11. Qf3 c5 12. g4 Ne8 (12... c4 13. bxc4 dxc4 14. Be4
Nxe4 15. Nxe4 f5) 13. Qh3 g6 14. f5 Nxe5 15. dxe5 exf5 16. gxf5 Bg5 17. fxg6
hxg6 18. Rf2 Ng7 19. Raf1 Nh5 20. Rg2 Bxe3+ 21. Qxe3 d4 22. Qg5 Bxg2 23. Kxg2
Rae8 24. Bc4 Qc6+ 25. Kg1 b5 26. Bd3 (26. Rf6 Nxf6 27. Qxg6+ Kh8 28. Qh6+ Kg8
29. exf6) 26... Qe6 27. Nf3 a6 28. Re1 Kg7 29. Bc1 Rh8 30. Nh4 Kg8 31. Bd2 Ng7
32. Qg3 c4 33. Bf1 c3 34. Bc1 Rh5 35. Bh3 Qe7 36. Nf3 Qc5 37. Qf2 Rxh3 38. Ng5
Rh5 39. Qxf7+ Kh8 40. Qxg6 d3+ 41. Be3 Qe7 (41... d2) 42. cxd3 Qb4 43. e6 (43.
Nf7+ Kg8 44. Bh6 Qf8 45. e6 c2 46. d4 Rh4 47. Kg2 Rxd4 48. Bxg7 Qxg7 49. Nh6+
Kf8 50. e7+ Rxe7 51. Rf1+) 43... Qh4 44. Nf3 Qh3 45. Rf1 (45. Bd4 Re7 46. Bxc3)
45... Rxe6 46. Ng5 Qxh2# 0-1

[Event "9. Longericher Sommer-Open"]
[Site "9. Longericher Sommer-Open"]
[Date "2012.08.06"]
[Round "4.5"]
[White "Stadtfeld, Martin"]
[Black "Schnier, Steffen"]
[Result "0-1"]
[WhiteElo "1720"]
[BlackElo "1610"]
[PlyCount "64"]
[EventDate "2012.??.??"]
[WhiteTeam "SC Jünkerath"]
[BlackTeam "SV Bad Essen"]

1. d4 Nf6 2. f4 e6 3. c4 d5 4. Nc3 Bb4 5. e3 Ne4 6. Bd2 Qh4+ 7. Ke2 Ng3+ 8.
hxg3 Qxh1 9. Nh3 Bxc3 10. Bxc3 Qh2 11. Kf3 h5 12. Be1 e5 13. Qa4+ c6 14. fxe5
Qh1 15. Kf2 Bxh3 16. gxh3 Qe4 17. cxd5 Qxd5 18. Bg2 Qd7 19. Rc1 O-O 20. Kg1 Qe7
21. h4 Nd7 22. Qb3 Rfb8 23. Qd1 g6 24. g4 hxg4 25. Qxg4 Re8 26. h5 Nf6 27. exf6
Qxe3+ 28. Kh2 Qxc1 29. hxg6 Qh6+ 30. Bh4 Qxg6 31. Qf3 Rad8 32. Bf2 Re6 0-1

[Event "9. Longericher Sommer-Open"]
[Site "9. Longericher Sommer-Open"]
[Date "2012.08.06"]
[Round "4.6"]
[White "Rost, Vincent"]
[Black "Stelzer, Wolfgang"]
[Result "1/2-1/2"]
[WhiteElo "1480"]
[BlackElo "1710"]
[PlyCount "152"]
[EventDate "2012.??.??"]
[WhiteTeam "SV Erftstadt e.V."]
[BlackTeam "SC Wittlich 1947"]

1. e4 c5 2. Nf3 d6 3. c3 Nf6 4. d3 e5 5. Be3 Be7 6. Nbd2 Ng4 7. d4 Nxe3 8. fxe3
Nc6 9. d5 Nb8 10. Bd3 a6 11. c4 Bh4+ 12. g3 Bg5 13. Qe2 h6 14. h4 Be7 15. O-O-O
Bg4 16. Qf2 Qd7 17. Be2 b5 18. Qf1 b4 19. Qf2 Rf8 20. Nh2 f5 21. Bxg4 fxg4 22.
Qe2 h5 23. Rhf1 Rxf1 24. Rxf1 Bf6 25. Qf2 Ke7 26. Qf5 Qxf5 27. exf5 Nd7 28. Ne4
a5 29. Rf2 Nb6 30. b3 a4 31. Kb2 axb3 32. axb3 Ra3 33. Nf1 Kd7 34. Nfd2 Ke7 35.
Rf1 Nd7 36. Ra1 Rxa1 37. Kxa1 Nf8 38. Kb1 Nh7 39. Kc2 Kd7 40. Kd1 Be7 41. Nf2
Ke8 42. Nd3 Kf7 43. Ne4 g5 44. fxg6+ Kxg6 45. Ndf2 Kf5 46. Ke2 Nf8 47. Kd3 Ng6
48. Ng5 e4+ 49. Nfxe4 Ne5+ 50. Ke2 Kg6 51. Nd2 Bxg5 52. hxg5 Kf5 53. Kf2 Nf7
54. Kg2 Nxg5 55. Kf2 Nh7 56. Kg2 Nf6 57. Kf2 Kg5 58. Kg2 h4 59. gxh4+ Kxh4 60.
Kh2 Kg5 61. Kg2 Kf5 62. Kf2 Nh5 63. Kg2 Kg5 64. Nf1 Kh4 65. Nd2 Nf6 66. Kh2 g3+
67. Kg2 Kg4 68. Kh1 Kh3 69. Kg1 Ng4 70. Ne4 Nxe3 71. Nxd6 g2 72. Ne4 Ng4 73. d6
Ne5 74. Nf2+ Kg3 75. Ne4+ Kf3 76. Nxc5 Kg3 1/2-1/2

[Event "9. Longericher Sommer-Open"]
[Site "9. Longericher Sommer-Open"]
[Date "2012.08.06"]
[Round "4.7"]
[White "Natterer, Marco"]
[Black "Busse, Alexander"]
[Result "0-1"]
[WhiteElo "1673"]
[BlackElo "1600"]
[PlyCount "106"]
[EventDate "2012.??.??"]
[WhiteTeam "SF Seelscheid e.V."]
[BlackTeam "Brühler SK 1920 e.V."]

1. d4 d5 2. c4 e5 3. cxd5 Qxd5 4. Nc3 Qxd4 5. Qxd4 exd4 6. Nb5 Bb4+ 7. Bd2
Bxd2+ 8. Kxd2 Na6 9. Nxd4 Bd7 10. e3 Nc5 11. Bc4 O-O-O 12. Kc2 Nf6 13. Nge2
Nfe4 14. f3 Nd6 15. Bd3 Nxd3 16. Kxd3 c5 17. Rac1 b6 18. b4 Bb5+ 19. Nxb5 Nxb5+
20. Ke4 Rd2 21. Rhe1 Nd6+ 22. Kf4 f6 23. e4 c4 24. Rcd1 g5+ 25. Ke3 c3 26. Rxd2
Nc4+ 27. Kd3 cxd2 28. Rb1 d1=Q+ 29. Rxd1 Nb2+ 30. Kc2 Nxd1 31. Kxd1 Kb7 32. Nc3
a6 33. g4 h5 34. h3 hxg4 35. hxg4 Rh1+ 36. Kd2 Rh2+ 37. Kd3 Kc6 38. a4 Rb2 39.
Nd5 Rb3+ 40. Ke2 a5 41. bxa5 bxa5 42. Nxf6 Rb4 43. e5 Rxa4 44. Kd3 Rf4 45. Ne4
Rxf3+ 46. Kd4 Rf4 47. e6 Rxg4 48. Ke5 Rxe4+ 49. Kxe4 Kd6 50. Kf5 Ke7 51. Kxg5
a4 52. Kf5 a3 53. Ke5 a2 0-1

[Event "9. Longericher Sommer-Open"]
[Site "9. Longericher Sommer-Open"]
[Date "2012.08.06"]
[Round "4.8"]
[White "Vjazner, Lilian"]
[Black "Hoffmann, Michael"]
[Result "0-1"]
[WhiteElo "954"]
[BlackElo "1651"]
[PlyCount "78"]
[EventDate "2012.??.??"]
[WhiteTeam "Klub Kölner SF e.V. 1"]
[BlackTeam "SG Neuss/Norf e."]

1. e4 c6 2. Nf3 d5 3. d3 dxe4 4. dxe4 Qxd1+ 5. Kxd1 Bg4 6. Nc3 e6 7. Bd3 Nd7 8.
Bf4 Ngf6 9. Kd2 Bc5 10. h3 Bxf3 11. gxf3 Bxf2 12. Rh2 Bc5 13. Rd1 Nh5 14. Be3
Bxe3+ 15. Kxe3 e5 16. Ne2 Nc5 17. Bc4 b5 18. Bd3 Rd8 19. Rf2 Ne6 20. b3 Nhf4
21. Nxf4 Nxf4 22. Rfd2 Ke7 23. h4 Rd6 24. c4 a6 25. cxb5 cxb5 26. a4 Rhd8 27.
axb5 Rxd3+ 28. Rxd3 Rxd3+ 29. Rxd3 Nxd3 30. Kxd3 axb5 31. Kc3 Kd6 32. Kb4 Kc6
33. h5 h6 34. Ka5 Kc5 35. b4+ Kc4 36. Kb6 Kxb4 37. Kc6 Kc4 38. Kd6 b4 39. Kxe5
b3 0-1

[Event "9. Longericher Sommer-Open"]
[Site "9. Longericher Sommer-Open"]
[Date "2012.08.06"]
[Round "4.9"]
[White "Heinrich, Philipp"]
[Black "Beißel, Daniel"]
[Result "1/2-1/2"]
[WhiteElo "1643"]
[BlackElo "1599"]
[PlyCount "37"]
[EventDate "2012.??.??"]
[WhiteTeam "SK Haseturm Löningen"]
[BlackTeam "SV Horrem 1948"]

1. d4 Nf6 2. c4 g6 3. Nc3 Bg7 4. e4 d6 5. Nf3 O-O 6. Be2 c6 7. O-O Nbd7 8. Be3
Ng4 9. Bc1 e5 10. dxe5 dxe5 11. h3 Ngf6 12. Be3 Qc7 13. Qc2 Rd8 14. Rfd1 b6 15.
Ne1 h6 16. Nd3 Ne8 17. f3 Bb7 18. Rac1 Nf8 19. Bf1 1/2-1/2

[Event "9. Longericher Sommer-Open"]
[Site "9. Longericher Sommer-Open"]
[Date "2012.08.06"]
[Round "4.10"]
[White "Kürten, Lothar"]
[Black "Kronseder, Michael"]
[Result "0-1"]
[WhiteElo "1623"]
[BlackElo "1549"]
[PlyCount "54"]
[EventDate "2012.??.??"]
[WhiteTeam "SF Köln-Longerich 195"]
[BlackTeam "SV 1925 Hürth-Berrenra"]

1. e4 c5 2. d4 cxd4 3. c3 d5 4. exd5 Qxd5 5. Nf3 Nf6 6. cxd4 e6 7. Nc3 Bb4 8.
Bd2 Bxc3 9. bxc3 O-O 10. c4 Qd6 11. Be2 Nc6 12. Bc3 b6 13. O-O Bb7 14. Rb1 Ne4
15. Ba1 Na5 16. Bd3 Qf4 17. g3 Qg4 18. Ne5 Qh3 19. Qg4 Qxg4 20. Nxg4 Nd2 21.
Rb5 Nf3+ 22. Kg2 Nxd4+ 23. f3 Nxb5 24. cxb5 Bd5 25. Re1 Rad8 26. Bb1 Nc4 27. h4
Nd2 0-1

[Event "9. Longericher Sommer-Open"]
[Site "9. Longericher Sommer-Open"]
[Date "2012.08.06"]
[Round "4.11"]
[White "Berkle, Pascal"]
[Black "Jansen, Kurt"]
[Result "1/2-1/2"]
[WhiteElo "1586"]
[BlackElo "1413"]
[PlyCount "137"]
[EventDate "2012.??.??"]
[WhiteTeam "SV Erftstadt e.V."]
[BlackTeam "SK Sülz-Klettenberg"]

1. e4 e6 2. d4 d5 3. Nc3 Bb4 4. exd5 exd5 5. Bd3 Ne7 6. Nf3 Bf5 7. O-O Bxd3 8.
Qxd3 O-O 9. Bd2 c6 10. Rfe1 Ng6 11. a3 Bd6 12. Ne2 Nd7 13. b4 a6 14. Rac1 Nb6
15. Be3 Nc4 16. Nd2 Nxe3 17. fxe3 Qc7 18. Nf3 Rae8 19. Nc3 b5 20. Rf1 a5 21.
Rb1 axb4 22. axb4 Qe7 23. Rfe1 Bxb4 24. Qd2 Ra8 25. Nxd5 Bxd2 26. Nxe7+ Nxe7
27. Nxd2 Ra2 28. Rec1 Rd8 29. Ra1 Rda8 30. Nb3 Nd5 31. Kf2 Nb4 32. Rxa2 Rxa2
33. Ra1 Rxc2+ 34. Kf3 g6 35. Rc1 Rxc1 36. Nxc1 Kf8 37. Ke4 Ke7 38. Nb3 f6 39.
Nc5 h6 40. h3 h5 41. Nb3 Na6 42. Kd3 Kd6 43. Nd2 Nb4+ 44. Kc3 Nd5+ 45. Kd3 f5
46. g3 g5 47. e4 Ne7 48. exf5 Nxf5 49. g4 hxg4 50. hxg4 Ng3 51. Nf3 Kd5 52.
Nxg5 b4 53. Nf3 Ne4 54. g5 b3 55. Nd2 b2 56. Nb1 Nxg5 57. Kc3 Ne4+ 58. Kxb2
Kxd4 59. Kc2 Kc4 60. Na3+ Kb4 61. Nb1 c5 62. Kb2 Kc4 63. Kc2 Kd4 64. Kc1 Nc3
65. Nd2 Kd3 66. Nf3 Ne2+ 67. Kb2 Nd4 68. Ne5+ Ke4 69. Nd7 1/2-1/2

[Event "9. Longericher Sommer-Open"]
[Site "9. Longericher Sommer-Open"]
[Date "2012.08.06"]
[Round "4.12"]
[White "Theißen, Frank"]
[Black "Sewald, Kathrin"]
[Result "1-0"]
[WhiteElo "1731"]
[BlackElo "1356"]
[PlyCount "75"]
[EventDate "2012.??.??"]
[WhiteTeam "SF 1974 Heinsberg e.V"]
[BlackTeam "SG Porz e.V."]

1. e4 e5 2. Nc3 Nc6 3. Nf3 Nf6 4. d4 d6 5. dxe5 Nxe5 6. Nxe5 dxe5 7. Qxd8+ Kxd8
8. Bg5 Be7 9. Bc4 Be6 10. Bxe6 fxe6 11. O-O-O+ Ke8 12. f3 c6 13. Be3 b5 14. Bf2
a5 15. Bg3 Nd7 16. h4 a4 17. Rd2 h5 18. Rhd1 Ra7 19. Bf2 Rb7 20. Kb1 a3 21. b3
Bb4 22. Rd3 c5 23. Nxb5 Ke7 24. c3 c4 25. R3d2 Bc5 26. Rxd7+ Rxd7 27. Bxc5+ Kd8
28. Rxd7+ Kxd7 29. Nxa3 cxb3 30. axb3 Kc6 31. Bb4 Rg8 32. Be7 Rb8 33. Kb2 Rb7
34. Bg5 Rd7 35. Kc2 Ra7 36. Bc1 g6 37. Nc4 Ra2+ 38. Bb2 1-0

[Event "9. Longericher Sommer-Open"]
[Site "9. Longericher Sommer-Open"]
[Date "2012.08.06"]
[Round "4.13"]
[White "Sewald, Jörg"]
[Black "Niesel, Tobias"]
[Result "1-0"]
[WhiteElo "1538"]
[BlackElo "1401"]
[PlyCount "121"]
[EventDate "2012.??.??"]
[WhiteTeam "SF Esch e.V."]
[BlackTeam "Brühler SK 1920 e.V."]

1. Nf3 Nf6 2. g3 d5 3. Bg2 c5 4. d3 Nc6 5. Nbd2 e5 6. O-O Bd6 7. Re1 O-O 8. e4
d4 9. Nc4 b5 10. Nxd6 Qxd6 11. Nh4 c4 12. f4 Nd7 13. f5 cxd3 14. cxd3 Bb7 15.
g4 Rfc8 16. g5 Nb4 17. Rf1 Nc5 18. Rf3 Ncxd3 19. Rxd3 Nxd3 20. Qxd3 a6 21. Bd2
Rc6 22. Qh3 Bc8 23. g6 hxg6 24. Nxg6 Rc4 25. Nh4 Qc5 26. Qg3 Qd6 27. Nf3 Rc2
28. Rb1 Bb7 29. Qe1 Rac8 30. Bf1 Rxd2 31. Nxd2 d3 32. Qe3 Qc5 33. Kf2 Qd6 34.
Qxd3 Qc5+ 35. Qe3 Qe7 36. Nf3 Rc2+ 37. Be2 Rc8 38. Rc1 Rxc1 39. Qxc1 Bxe4 40.
Qe3 Bxf5 41. Qxe5 Qxe5 42. Nxe5 Bc8 43. Bf3 Kf8 44. a3 f6 45. Nc6 Ke8 46. Ke3
Kd7 47. Nb4 Kd6 48. Kd4 g5 49. Nd3 f5 50. Ne5 g4 51. Bg2 Ke6 52. Nd3 Kf6 53.
Nf4 Kg5 54. Ke5 a5 55. b4 axb4 56. axb4 Bd7 57. Bf1 Kh4 58. Kf6 g3 59. Ng6+ Kg4
60. Ne5+ Kf4 61. hxg3+ 1-0

[Event "9. Longericher Sommer-Open"]
[Site "9. Longericher Sommer-Open"]
[Date "2012.08.06"]
[Round "4.14"]
[White "Lin, David"]
[Black "Flüchter, Markus"]
[Result "1/2-1/2"]
[WhiteElo "993"]
[BlackElo "1504"]
[PlyCount "65"]
[EventDate "2012.??.??"]
[WhiteTeam "Klub Kölner SF e.V. 1"]
[BlackTeam "SV Soest 1926"]

1. e4 e5 2. Nf3 Nc6 3. Nc3 Nf6 4. Bc4 Bc5 5. d3 d6 6. h3 Be6 7. Bb3 Qd7 8. Bg5
h6 9. Bxf6 gxf6 10. Ba4 a6 11. Qd2 O-O-O 12. Nd5 f5 13. Bxc6 bxc6 14. Nc3 Bb4
15. a3 Bxc3 16. Qxc3 Rhg8 17. O-O f4 18. Ne1 Bxh3 19. d4 Qg4 20. f3 Qg5 21. Rf2
Kd7 22. dxe5 Qxe5 23. Qxe5 dxe5 24. Rd1+ Ke7 25. Rxd8 Kxd8 26. Rd2+ Ke7 27. Rd3
Bd7 28. Rb3 h5 29. Rb7 Kd6 30. Ra7 h4 31. Kf2 h3 32. gxh3 Bxh3 33. Rxa6 1/2-1/2

[Event "9. Longericher Sommer-Open"]
[Site "9. Longericher Sommer-Open"]
[Date "2012.08.06"]
[Round "4.15"]
[White "Westphal, Gerhard"]
[Black "Statz, Samuel"]
[Result "0-1"]
[WhiteElo "1406"]
[BlackElo "1463"]
[PlyCount "70"]
[EventDate "2012.??.??"]
[WhiteTeam "Ford-SF Köln e.V."]
[BlackTeam "SV Erftstadt e.V."]

1. d4 Nf6 2. Nf3 e6 3. c4 c5 4. d5 b5 5. dxe6 fxe6 6. cxb5 a6 7. Nc3 axb5 8.
Nxb5 d5 9. e3 Ba6 10. Qa4 Nbd7 11. Bd2 Be7 12. Ba5 Bxb5 13. Bxb5 Qxa5+ 14. Qxa5
Rxa5 15. a4 O-O 16. O-O h6 17. b3 Bd6 18. h3 Ne5 19. Nd2 Nf7 20. f3 Rc8 21.
Rac1 Ra7 22. b4 c4 23. Nb3 Bxb4 24. Kf2 Bc5 25. Nd4 Bxd4 26. exd4 Nd6 27. Rfe1
Nxb5 28. axb5 Kf7 29. Rb1 Rb8 30. Re2 Rab7 31. Reb2 Ne8 32. Ke2 Nd6 33. b6 Nc8
34. Kd2 Rxb6 35. Rxb6 Rxb6 0-1

[Event "9. Longericher Sommer-Open"]
[Site "9. Longericher Sommer-Open"]
[Date "2012.08.06"]
[Round "4.16"]
[White "Engel, Johann"]
[Black "Sewald, Richard"]
[Result "1-0"]
[WhiteElo "1416"]
[BlackElo "1096"]
[PlyCount "105"]
[EventDate "2012.??.??"]
[WhiteTeam "Brühler SK 1920 e.V."]
[BlackTeam "SG Porz e.V."]

1. d4 d5 2. Nf3 Nf6 3. Bf4 Bf5 4. e3 Nbd7 5. c4 c6 6. Nc3 b6 7. Bd3 Bxd3 8.
Qxd3 e6 9. O-O Be7 10. e4 O-O 11. e5 dxc4 12. Qxc4 Nd5 13. Nxd5 cxd5 14. Qd3 f5
15. Bd2 h6 16. Ne1 Bg5 17. Bxg5 Qxg5 18. f4 Qe7 19. a3 Rac8 20. Nf3 Kh7 21.
Rac1 g6 22. Qa6 Nb8 23. Qa4 Qd7 24. Qxd7+ Nxd7 25. h4 Rg8 26. h5 g5 27. fxg5
hxg5 28. Nxg5+ Kh6 29. Nxe6 Rxc1 30. Rxc1 Nb8 31. Rc7 a6 32. Rf7 Kxh5 33. Rxf5+
Kg4 34. Rf7 Rg6 35. Rg7 Rxg7 36. Nxg7 Kf4 37. Kf2 Ke4 38. Ne6 Nc6 39. g4 a5 40.
b3 b5 41. Kg3 Ne7 42. Kh4 Ng6+ 43. Kh5 Ne7 44. Kg5 Ke3 45. Kf6 Ng8+ 46. Kg7 Ne7
47. g5 Nf5+ 48. Kf6 Ng3 49. g6 Ne4+ 50. Kf7 Nd2 51. g7 Nxb3 52. g8=Q Nxd4 53.
Nxd4 1-0

[Event "9. Longericher Sommer-Open"]
[Site "9. Longericher Sommer-Open"]
[Date "2012.08.06"]
[Round "4.17"]
[White "Rebischke, Florian"]
[Black "Plitt, Stefan"]
[Result "1/2-1/2"]
[WhiteElo "1305"]
[BlackElo "1652"]
[PlyCount "66"]
[EventDate "2012.??.??"]
[WhiteTeam "SF Köln-Mülheim e.V."]
[BlackTeam "SV Grünfeld e.V."]

1. e4 d5 2. e5 c5 3. f4 e6 4. Nf3 Nc6 5. Bb5 Bd7 6. Bxc6 Bxc6 7. O-O Ne7 8. d4
Nf5 9. c3 h5 10. Na3 Be7 11. Nc2 Bb5 12. Rf2 h4 13. h3 Rg8 14. Ne3 Nxe3 15.
Bxe3 c4 16. a4 Bc6 17. a5 b5 18. axb6 axb6 19. Rxa8 Qxa8 20. Rf1 Kd7 21. Qe2 b5
22. Rb1 Qa5 23. Qe1 Qd8 24. Ra1 Rh8 25. Ra7+ Ke8 26. Qa1 Qc8 27. Qa6 Qxa6 28.
Rxa6 Kd7 29. Ra7+ Kd8 30. Ng5 Bxg5 31. fxg5 Be8 32. Kf2 Rf8 33. Kf3 f6 1/2-1/2

[Event "9. Longericher Sommer-Open"]
[Site "9. Longericher Sommer-Open"]
[Date "2012.08.06"]
[Round "4.18"]
[White "Aquilino, Pasquale"]
[Black "Klein, Markus"]
[Result "0-1"]
[WhiteElo "1448"]
[BlackElo "1321"]
[PlyCount "62"]
[EventDate "2012.??.??"]
[WhiteTeam "Ford-SF Köln e.V."]
[BlackTeam "SK Sülz-Klettenberg"]

1. d4 e6 2. c4 Be7 3. Nf3 Nf6 4. Nc3 d5 5. e3 dxc4 6. Bxc4 Nbd7 7. O-O Nb6 8.
Bd3 Nfd5 9. a3 Bd7 10. Qc2 g6 11. e4 Nxc3 12. Qxc3 Bc6 13. d5 Bf6 14. Qd2 exd5
15. exd5 Nxd5 16. Re1+ Ne7 17. Qe2 O-O 18. Bc4 Nf5 19. Rd1 Qe8 20. Qxe8 Rfxe8
21. Ng5 Bxg5 22. Bxg5 Kg7 23. Bf4 Re4 24. Bxc7 Rxc4 25. Be5+ f6 26. Bc3 Re8 27.
h3 Rce4 28. g4 Nh4 29. g5 Nf3+ 30. Kf1 Nxg5 31. Re1 Bb5+ 0-1

[Event "9. Longericher Sommer-Open"]
[Site "9. Longericher Sommer-Open"]
[Date "2012.08.06"]
[Round "4.19"]
[White "Smets, Heike"]
[Black "Rey, Thorsten"]
[Result "1-0"]
[WhiteElo "1445"]
[BlackElo "1186"]
[PlyCount "109"]
[EventDate "2012.??.??"]
[BlackTeam "Klub Kölner SF e.V. 1"]

1. d4 Nf6 2. Bf4 g6 3. c4 Bg7 4. Nf3 O-O 5. e3 d6 6. Qb3 c5 7. Nc3 a5 8. a4 Nc6
9. Be2 Nb4 10. O-O Bf5 11. Ne1 Qc7 12. Nb5 Qb6 13. f3 h6 14. e4 cxd4 15. Nd3
Nxd3 16. Qxd3 Nh5 17. Bc1 Bd7 18. g4 Nf6 19. Kh1 Bxb5 20. axb5 e5 21. Bd2 Nd7
22. b3 Nc5 23. Qc2 Ra7 24. Ra3 Rfa8 25. Rfa1 Kh7 26. Qa2 Bf6 27. Bxa5 Rxa5 28.
Rxa5 Rxa5 29. Qxa5 Bd8 30. Qxb6 Bxb6 31. b4 Ne6 32. Bd3 Nf4 33. Rd1 Nh3 34. Kg2
Nf4+ 35. Kg3 g5 36. Bf1 f6 37. Rc1 Ne6 38. Bg2 Nf4 39. Bf1 Ne6 40. Rc2 Kg7 41.
h3 Kg6 42. Ra2 Kf7 43. Ra8 Nd8 44. c5 Bc7 45. b6 Bxb6 46. cxb6 Ke7 47. Bc4 Nc6
48. b5 Nb4 49. Rb8 d3 50. Rxb7+ Kd8 51. Be6 d2 52. Rd7+ Kc8 53. Rxd6+ Kb7 54.
Bd5+ Nxd5 55. Rxd5 1-0

[Event "9. Longericher Sommer-Open"]
[Site "9. Longericher Sommer-Open"]
[Date "2012.08.06"]
[Round "4.20"]
[White "Yon, Gregory"]
[Black "Lechner, Alexander"]
[Result "1-0"]
[WhiteElo "1418"]
[BlackElo "1151"]
[PlyCount "93"]
[EventDate "2012.??.??"]
[WhiteTeam "Turnerschaft Bergisch-Gladbach 1"]
[BlackTeam "Godesberger SK 1929 e.V."]

1. c4 f5 2. Nf3 Nf6 3. Nc3 e6 4. d4 c6 5. Bd2 d5 6. c5 Be7 7. e3 O-O 8. Be2 b6
9. b4 a5 10. a3 b5 11. O-O axb4 12. axb4 Bb7 13. Ne5 Nbd7 14. Nd3 Qc7 15. Qc2
Ng4 16. g3 h5 17. Nf4 h4 18. Nxe6 Qb8 19. Nxf8 Nxf8 20. Qxf5 Nh6 21. Qf4 Qd8
22. Qf3 Rb8 23. Bd3 Bc8 24. Qd1 Bg4 25. Be2 Bh3 26. Re1 Qc7 27. Bf1 Bg4 28. Qc1
Nf5 29. Ne2 hxg3 30. Nxg3 Nh4 31. Be2 Bf3 32. Ra3 Qd7 33. Bf1 Qg4 34. Ra7 Be4
35. Be2 Nf3+ 36. Bxf3 Qxf3 37. Nxe4 Qxe4 38. Qd1 Ng6 39. f3 Qh4 40. Qe2 Re8 41.
Qg2 Bg5 42. Qg3 Qh6 43. Qg2 Nh4 44. Qg4 Re6 45. Kh1 Qf6 46. f4 Re4 47. Qxg5 1-0

[Event "9. Longericher Sommer-Open"]
[Site "9. Longericher Sommer-Open"]
[Date "2012.08.06"]
[Round "4.21"]
[White "Kolbasnikov, Igor"]
[Black "Reiter, Ute"]
[Result "1/2-1/2"]
[WhiteElo "1414"]
[BlackElo "1111"]
[PlyCount "75"]
[EventDate "2012.??.??"]
[WhiteTeam "SF Köln-Longerich 195"]
[BlackTeam "Brühler SK 1920 e.V."]

1. e4 e5 2. Nf3 d6 3. d4 exd4 4. Bc4 Be7 5. Nxd4 c5 6. Nf3 Nf6 7. Nc3 Nc6 8.
O-O O-O 9. a3 Qc7 10. Re1 Re8 11. Nd5 Nxd5 12. Bxd5 Bg4 13. h3 Bh5 14. g4 Bg6
15. Kg2 Bf6 16. h4 h6 17. g5 hxg5 18. Nxg5 Ne5 19. h5 Bxg5 20. Bxg5 Bh7 21. f4
Nc6 22. Qg4 Kf8 23. h6 f6 24. Bh4 Re7 25. Kh1 Qd7 26. Qxd7 Rxd7 27. Bxc6 bxc6
28. hxg7+ Rxg7 29. Bxf6 Rg4 30. f5 Kf7 31. Bc3 Rag8 32. Re2 Rh4+ 33. Rh2 Rgg4
34. Rg1 Rxh2+ 35. Kxh2 Rh4+ 36. Kg3 Rxe4 37. Kf3 Bxf5 38. Rg7+ 1/2-1/2

[Event "9. Longericher Sommer-Open"]
[Site "9. Longericher Sommer-Open"]
[Date "2012.08.06"]
[Round "4.22"]
[White "Oerder, Timon"]
[Black "Dijkhuis, Oele"]
[Result "1-0"]
[WhiteElo "1332"]
[BlackElo "988"]
[PlyCount "85"]
[EventDate "2012.??.??"]
[WhiteTeam "SV Fideler Bauer Lever"]
[BlackTeam "Moira Domtoren Utrecht"]

1. d4 Nf6 2. c4 g6 3. Nc3 Bg7 4. Nf3 O-O 5. Bg5 d6 6. e4 Nc6 7. Be2 Bg4 8. O-O
h6 9. Be3 Na5 10. Bd3 Nc6 11. h3 Bd7 12. Qd2 Kh7 13. Nh4 e5 14. d5 Ne7 15. f4
b6 16. fxe5 dxe5 17. Rf3 c6 18. Raf1 Neg8 19. R3f2 Be8 20. Nf3 Nd7 21. g4 c5
22. Bc2 Nb8 23. h4 Bd7 24. h5 g5 25. Nh2 f6 26. Ne2 Qc8 27. Rg2 Qd8 28. Ng3 Ne7
29. Rgf2 Qc8 30. Nf5 Nxf5 31. exf5 Qa6 32. Bb3 Ba4 33. Bxa4 Qxa4 34. b3 Qd7 35.
Nf3 Qe7 36. Qc2 Qd6 37. Bxg5 hxg5 38. Nxg5+ fxg5 39. f6+ Kg8 40. fxg7 Rxf2 41.
Qxf2 Qe7 42. Qf8+ Qxf8 43. gxf8=Q+ 1-0

[Event "9. Longericher Sommer-Open"]
[Site "9. Longericher Sommer-Open"]
[Date "2012.08.06"]
[Round "4.23"]
[White "Schröter, Sophie"]
[Black "Kaesemann, Holger"]
[Result "0-1"]
[WhiteElo "1109"]
[BlackElo "1610"]
[PlyCount "108"]
[EventDate "2012.??.??"]
[WhiteTeam "SG Porz e.V."]
[BlackTeam "SK Germania Kupferdreh 1"]

1. e4 e6 2. Nf3 d5 3. exd5 exd5 4. Qe2+ Be7 5. Nc3 Nf6 6. d4 O-O 7. Bg5 Re8 8.
O-O-O h6 9. Bh4 Bf5 10. Re1 Nc6 11. Qb5 Rb8 12. Bxf6 Bxf6 13. Qxd5 Rxe1+ 14.
Nxe1 Qe7 15. Bc4 Be6 16. Qb5 a6 17. Qb3 Na5 18. Qa3 Qxa3 19. bxa3 Nxc4 20. a4
Bxd4 21. Nb1 Bxf2 22. Nd3 Be3+ 23. Kd1 Rd8 24. Ke2 Bg4+ 25. Ke1 Re8 26. Kf1 Bd4
27. Nf2 Be2+ 28. Kg1 Bd1 29. g3 Bf3 30. h4 Re1+ 31. Kh2 Bxf2 32. Rxe1 Bxe1 33.
Kg1 Bxg3 34. Kf1 Ne3+ 35. Kg1 Bxh4 36. Nd2 Bd5 37. Nb3 Bxb3 38. axb3 Nxc2 39.
Kg2 g5 40. Kf3 f5 41. Kg2 Kf7 42. Kh3 Kf6 43. Kh2 Ke5 44. Kg2 Ke4 45. Kf1 Ke3
46. Kg2 f4 47. Kf1 g4 48. b4 g3 49. b5 f3 50. bxa6 bxa6 51. Kg1 Ke2 52. Kh1 Ne3
53. Kg1 f2+ 54. Kh1 f1=Q# 0-1

[Event "9. Longericher Sommer-Open"]
[Site "9. Longericher Sommer-Open"]
[Date "2012.08.06"]
[Round "4.24"]
[White "Hoferichter, Michael"]
[Black "Schröter, Heinz-Jürgen"]
[Result "1-0"]
[WhiteElo "1217"]
[BlackElo "1215"]
[PlyCount "77"]
[EventDate "2012.??.??"]
[WhiteTeam "Klub Kölner SF e.V. 1"]
[BlackTeam "SV Horrem 1948"]

1. d4 d5 2. Nf3 Bg4 3. e3 Nf6 4. h3 Bh5 5. Be2 e6 6. c4 Bb4+ 7. Nc3 Ne4 8. Qa4+
Nc6 9. Bd2 Nxd2 10. Nxd2 Bxe2 11. Nxe2 Bxd2+ 12. Kxd2 O-O 13. f4 a6 14. Raf1 f5
15. Nc3 Qe8 16. cxd5 b5 17. Qc2 Nb4 18. Qb3 Nxd5 19. Nxd5 exd5 20. Qxd5+ Rf7
21. g4 Rd8 22. Qb3 fxg4 23. hxg4 c5 24. Qd3 g6 25. Rh6 Qc6 26. Rf2 cxd4 27. f5
Qe8 28. e4 Qe7 29. Ke2 g5 30. Re6 Qc7 31. b3 Qc3 32. Rf3 Qb2+ 33. Kf1 Rc8 34.
Rf2 Qc1+ 35. Kg2 Rc3 36. Qxd4 Rc2 37. Re8+ Rf8 38. Qd5+ Kg7 39. Qe5+ 1-0